Forme longue des noms des pays d'Afrique par drapeau / Partie 1 - Statistiques

Statistiques générales
  • Ce quiz a été pris 13 fois
  • Le résultat moyen est 7 sur 16
Statistiques - réponses
Par images Réponse % Correct
République Démocratique du Congo
75%
République d'Afrique du Sud
67%
République du Congo
67%
République Centrafricaine
58%
Burkina Faso
50%
République d'Angola
50%
République de Djibouti
50%
République du Botswana
50%
République du Cameroun
50%
République du Cap-Vert
50%
République de Côte d'Ivoire
42%
République du Bénin
42%
République du Burundi
42%
Union des Comores
25%
République Arabe d'Egypte
17%
République Algérienne Démocratique et Populaire
8%
Aucun quiz correspondant
Distribution des résultats
% des personnes avec chaque résultat
Percentile par nombre de réponses
Votre historique - résultats
Vous n’avez pas pris ce quiz